Normal view
MARC view
Entry Personal Name
001 - CONTROL NUMBER
- control field: 11092
003 - CONTROL NUMBER IDENTIFIER
- control field: ARRUPE
005 - DATE AND TIME OF LATEST TRANSACTION
- control field: 20140908133837.0
008 - FIXED-LENGTH DATA ELEMENTS
- fixed length control field: 140908|| aca||aabn | a|a d
040 ## - CATALOGING SOURCE
- Original cataloging agency: ARRUPE
- Transcribing agency: ARRUPE
100 ## - HEADING--PERSONAL NAME
- Personal name: Galilei, Galileo,
- Dates associated with a name: 1564-1642
- General subdivision: Travel
- Geographic subdivision: Italy
- Geographic subdivision: Rome.
670 ## - SOURCE DATA FOUND
- Source citation: Work cat.: (ARRUPE)0: Shea, William R. 11091, Galileo in Rome :, 2003.